[Event "Verbandsliga Nordbaden 1718"]
[Site "Baden"]
[Date "2018.02.18"]
[Round "6.1"]
[White "Braun, Joachim"]
[Black "Schmitt, Philipp"]
[Result "1-0"]
[WhiteElo "2161"]
[BlackElo "2178"]
[PlyCount "57"]
[EventDate "2017.10.08"]
[EventType "team-tourn"]
[EventRounds "9"]
[EventCountry "GER"]
[SourceTitle "EXT 2019"]
[Source "ChessBase"]
[SourceDate "2018.10.10"]
[SourceVersion "1"]
[SourceVersionDate "2018.10.10"]
[SourceQuality "1"]
[WhiteTeam "Birkenfeld"]
[BlackTeam "Bad Mergentheim II"]
[WhiteTeamCountry "GER"]
[BlackTeamCountry "GER"]

1. e4 e6 2. d4 d5 3. Nc3 Nf6 4. e5 Nfd7 5. f4 c5 6. Nf3 Nc6 7. Be3 Be7 8. Qd2 0-0 9. Bd3 a6 10. 0-0 b5 11. dxc5 Nxc5 12. Qf2 Nxd3 13. cxd3 f6 14. exf6 Rxf6 15. Nd4 Na5 16. Qd2 Bd7 17. Nce2 Nb7 18. Rac1 Bd6 19. Nf3 Qb8 20. Bd4 Bxf4 21. Nxf4 Rxf4 22. Be5 Qa7+ 23. d4 Rf7 24. Ng5 Rxf1+ 25. Rxf1 Be8 26. Qf4 Bg6 27. Nxe6 h5 28. Qg5 Kh7 29. Bxg7 1-0

[Event "GER-ch 88th"]
[Site "Apolda"]
[Date "2017.06.25"]
[Round "3"]
[White "Kalinitschew, Sergey"]
[Black "Schmitt, Philipp"]
[Result "1-0"]
[WhiteElo "2426"]
[BlackElo "2174"]
[PlyCount "91"]
[EventDate "2017.06.23"]
[EventType "swiss"]
[EventRounds "9"]
[EventCountry "GER"]
[SourceTitle "CBM 179 Extra"]
[Source "ChessBase"]
[SourceDate "2017.08.23"]
[SourceVersion "1"]
[SourceVersionDate "2017.08.23"]
[SourceQuality "1"]

1. c4 e6 2. Nc3 d5 3. d4 Bb4 4. cxd5 exd5 5. Bf4 Nf6 6. e3 0-0 7. Bd3 Nbd7 8. Nf3 c5 9. 0-0 c4 10. Bb1 Bxc3 11. bxc3 Re8 12. Nd2 Qa5 13. Qc2 g6 14. f3 Nb6 15. e4 Na4 16. Rc1 Bd7 17. Be5 Re6 18. exd5 Qxd5 19. Ne4 Nxe4 20. fxe4 Qa5 21. Bg3 Qg5 22. Re1 Rb6 23. Qc1 Qxc1 24. Rxc1 Rb2 25. Be1 Re8 26. Rc2 Rb6 27. Rf2 f6 28. Bc2 Kg7 29. Bd2 Nb2 30. Raf1 Ba4 31. Bxa4 Nxa4 32. e5 Rb2 33. g4 Kg8 34. exf6 Kf7 35. d5 Rxa2 36. Rb1 Nb6 37. d6 Rd8 38. Re1 Rxd2 39. Re7+ Kf8 40. Rxd2 Rd7 41. g5 a5 42. Rde2 Rxd6 43. Re8+ Kf7 44. R8e7+ Kf8 45. Re8+ Kf7 46. R2e7# 1-0

[Event "GER-ch 88th"]
[Site "Apolda"]
[Date "2017.06.24"]
[Round "2"]
[White "Schmitt, Philipp"]
[Black "Bischoff, Klaus"]
[Result "0-1"]
[WhiteElo "2174"]
[BlackElo "2504"]
[PlyCount "112"]
[EventDate "2017.06.23"]
[EventType "swiss"]
[EventRounds "9"]
[EventCountry "GER"]
[SourceTitle "CBM 179 Extra"]
[Source "ChessBase"]
[SourceDate "2017.08.23"]
[SourceVersion "1"]
[SourceVersionDate "2017.08.23"]
[SourceQuality "1"]

1. e4 c5 2. Nf3 e6 3. d4 cxd4 4. Nxd4 a6 5. Bd3 g6 6. 0-0 Bg7 7. Nb3 d6 8. a4 Nf6 9. Be3 0-0 10. N1d2 Nc6 11. Nc4 Rb8 12. a5 d5 13. exd5 exd5 14. Nb6 Qc7 15. Ra4 Ne5 16. Rd4 Be6 17. Be2 Nc6 18. Bf4 Qe7 19. Rd2 Rbd8 20. c3 Ne4 21. Nxd5 Bxd5 22. Rxd5 Rxd5 23. Qxd5 Nxc3 24. bxc3 Qxe2 25. Nd4 Bxd4 26. cxd4 Rd8 27. Qg5 Rxd4 28. g3 Qe4 29. Qg4 Rd8 30. Qh4 Rd5 31. Rc1 h5 32. Qf6 Rf5 33. Qd6 h4 34. Bh6 Kh7 35. Qf8 Qd4 36. Be3 Qh8 37. Qd6 Qe8 38. gxh4 Rxa5 39. Qf4 Rd5 40. Qh6+ Kg8 41. Qf4 Qd7 42. Qf6 Nd4 43. Bh6 Nf5 44. Bg5 Rd1+ 45. Rxd1 Qxd1+ 46. Kg2 Qd5+ 47. Kg1 Qd4 48. Kf1 Qxf6 49. Bxf6 Kh7 50. Ke2 Kh6 51. Kd3 Kh5 52. Kc4 Nxh4 53. Kc5 Nf3 54. h3 Ng5 55. Kb6 Nxh3 56. Bd4 Kg4 0-1

[Event "Verbandsliga Nordbaden 1617"]
[Site "Baden"]
[Date "2017.04.02"]
[Round "8.1"]
[White "Buecker, Stefan"]
[Black "Schmitt, Philipp"]
[Result "0-1"]
[WhiteElo "2295"]
[BlackElo "2197"]
[PlyCount "78"]
[EventDate "2016.10.09"]
[EventType "team-tourn"]
[EventRounds "9"]
[EventCountry "GER"]
[SourceTitle "EXT 2022"]
[Source "ChessBase"]
[SourceDate "2021.10.06"]
[SourceVersion "1"]
[SourceVersionDate "2021.10.06"]
[SourceQuality "1"]
[WhiteTeam "Pforzheim"]
[BlackTeam "Bad Mergentheim II"]
[WhiteTeamCountry "GER"]
[BlackTeamCountry "GER"]

1. b3 e5 2. Bb2 Nc6 3. Nf3 d6 4. e3 Nf6 5. c4 g6 6. Be2 Bg7 7. 0-0 0-0 8. h3 Re8 9. d4 exd4 10. exd4 d5 11. Nc3 dxc4 12. bxc4 Ne4 13. Nd5 Nd6 14. Bd3 Nf5 15. Bxf5 Bxf5 16. Qb3 Na5 17. Qc3 c5 18. Rad1 Be4 19. Rfe1 Nxc4 20. Qxc4 Qxd5 21. Qxd5 Bxd5 22. Ne5 cxd4 23. Bxd4 Bxa2 24. Ra1 Bd5 25. f4 a5 26. Bb6 a4 27. Re3 Rec8 28. Re2 a3 29. Rd2 Be6 30. Kf2 Bf8 31. Bd4 Bc5 32. Nf3 b5 33. Kg3 Bxd4 34. Rxd4 Rc4 35. Rd6 b4 36. Rb6 h6 37. h4 Re4 38. Nd2 Re2 39. Nf3 b3 0-1

[Event "Verbandsliga Nordbaden 1617"]
[Site "Baden"]
[Date "2017.02.12"]
[Round "6.3"]
[White "Spieker, Michael"]
[Black "Schmitt, Philipp"]
[Result "0-1"]
[WhiteElo "2033"]
[BlackElo "2197"]
[PlyCount "118"]
[EventDate "2016.10.09"]
[EventType "team-tourn"]
[EventRounds "9"]
[EventCountry "GER"]
[SourceTitle "EXT 2022"]
[Source "ChessBase"]
[SourceDate "2021.10.06"]
[SourceVersion "1"]
[SourceVersionDate "2021.10.06"]
[SourceQuality "1"]
[WhiteTeam "Karlsruhe II"]
[BlackTeam "Bad Mergentheim II"]
[WhiteTeamCountry "GER"]
[BlackTeamCountry "GER"]

1. e4 e6 2. d4 d5 3. Nc3 Nf6 4. Bg5 Bb4 5. e5 h6 6. Bc1 Ne4 7. Qg4 Kf8 8. Nge2 c5 9. a3 cxd4 10. axb4 dxc3 11. Nxc3 Nxc3 12. bxc3 Nc6 13. f4 d4 14. b5 Ne7 15. Ba3 Kg8 16. Bd3 Nd5 17. cxd4 Ne3 18. Qf3 Qxd4 19. Kd2 Nd5 20. Rhf1 Qc3+ 21. Ke2 Bd7 22. Rab1 Rc8 23. Rb3 Qd4 24. c4 Rxc4 25. Bxc4 Qxc4+ 26. Qd3 Bxb5 27. Rxb5 Nc3+ 28. Kd2 Qxd3+ 29. Kxd3 Nxb5 30. Bd6 f6 31. Kc4 a6 32. Kc5 Kf7 33. Kb6 Rd8 34. Kxb7 Nxd6+ 35. Kc7 Ke7 36. exd6+ Rxd6 37. Rf2 e5 38. Re2 Ke6 39. f5+ Ke7 40. Re3 Rd2 41. Rg3 Kf7 42. Kb6 Rf2 43. Kxa6 Rxf5 44. Kb5 Rf2 45. Kc4 Rd2 46. Kc3 Rd4 47. Kc2 f5 48. Ra3 Rd6 49. Ra7+ Kf6 50. Ra8 g6 51. Rh8 h5 52. Ra8 Kg5 53. Re8 e4 54. Ra8 Kf4 55. Ra3 h4 56. Rb3 g5 57. Ra3 Rd4 58. Rh3 e3 59. Rf3+ Ke4 0-1

[Event "Verbandsliga Nordbaden 1516"]
[Site "Baden"]
[Date "2016.03.06"]
[Round "7.3"]
[White "Schmitt, Philipp"]
[Black "Schork, Stefan"]
[Result "1/2-1/2"]
[WhiteElo "2138"]
[BlackElo "2063"]
[PlyCount "109"]
[EventDate "2015.09.27"]
[EventType "team-tourn"]
[EventRounds "9"]
[EventCountry "GER"]
[SourceTitle "EXT 2022"]
[Source "ChessBase"]
[SourceDate "2021.10.06"]
[SourceVersion "1"]
[SourceVersionDate "2021.10.06"]
[SourceQuality "1"]
[WhiteTeam "Bad Mergentheim II"]
[BlackTeam "Pforzheim"]
[WhiteTeamCountry "GER"]
[BlackTeamCountry "GER"]

1. e4 c5 2. Nf3 e6 3. d4 cxd4 4. Nxd4 Nc6 5. Nc3 Qc7 6. Be3 Nf6 7. Qd2 Bb4 8. f3 d5 9. a3 Qa5 10. Nxc6 bxc6 11. Bd4 Rb8 12. Qg5 Be7 13. Qxg7 Rg8 14. Qh6 Rxb2 15. Qd2 c5 16. Be5 Nd7 17. Na4 Qxd2+ 18. Kxd2 Rb7 19. Bg3 Nb6 20. Bb5+ Kf8 21. Nc3 d4 22. Ne2 e5 23. Bxe5 Nd7 24. Bxd7 Bxd7 25. Rab1 Rb6 26. Bc7 Ra6 27. Nf4 Bg5 28. g3 Rgg6 29. Rb8+ Kg7 30. Ke2 Bxf4 31. Bxf4 Rgb6 32. Rb1 Rxb1 33. Rxb1 Rxa3 34. Be5+ Kg6 35. Rb8 f6 36. Bd6 Rc3 37. Rb7 Be6 38. f4 Re3+ 39. Kd2 Rxe4 40. Bxc5 Bc4 41. Rxa7 Re2+ 42. Kd1 d3 43. cxd3 Bxd3 44. h3 h5 45. Rd7 Bb5 46. Rb7 Bc4 47. Rb4 Bd3 48. Rd4 Bb5 49. Rd6 Bc4 50. Bd4 Re6 51. Rd7 Bf1 52. h4 Be2+ 53. Kd2 Bg4 54. Rd5 Ra6 55. Rc5 1/2-1/2

[Event "Verbandsliga Nordbaden 1516"]
[Site "Baden"]
[Date "2015.12.13"]
[Round "4.2"]
[White "Schmitt, Philipp"]
[Black "Franke, Michael"]
[Result "1/2-1/2"]
[WhiteElo "2138"]
[BlackElo "2165"]
[PlyCount "73"]
[EventDate "2015.09.27"]
[EventType "team-tourn"]
[EventRounds "9"]
[EventCountry "GER"]
[SourceTitle "EXT 2022"]
[Source "ChessBase"]
[SourceDate "2021.10.06"]
[SourceVersion "1"]
[SourceVersionDate "2021.10.06"]
[SourceQuality "1"]
[WhiteTeam "Bad Mergentheim II"]
[BlackTeam "Eppingen II"]
[WhiteTeamCountry "GER"]
[BlackTeamCountry "GER"]

1. e4 c6 2. d4 d5 3. exd5 cxd5 4. c4 Nf6 5. Nc3 Nc6 6. Nf3 Bg4 7. cxd5 Nxd5 8. Be2 e6 9. h3 Bh5 10. Qb3 Nb6 11. Qb5 Bxf3 12. Bxf3 Qd7 13. d5 Nxd5 14. Nxd5 exd5 15. 0-0 Be7 16. Rd1 0-0 17. Rxd5 Qc7 18. Be3 Rad8 19. Rc1 Bf6 20. b3 Rxd5 21. Bxd5 Rd8 22. Be4 Bb2 23. Rb1 Be5 24. Rc1 Bb2 25. Re1 g6 26. g3 Qd7 27. Kg2 a6 28. Qe2 Bg7 29. Rc1 Nd4 30. Qc4 Qe7 31. Bf3 Nxf3 32. Kxf3 h6 33. Kg2 Qd7 34. Qe4 Rc8 35. Rxc8+ Qxc8 36. h4 h5 37. Qd5 1/2-1/2

[Event "Verbandsliga Nordbaden 1516"]
[Site "Baden"]
[Date "2015.09.27"]
[Round "1.3"]
[White "Scherer, Ralf"]
[Black "Schmitt, Philipp"]
[Result "1-0"]
[WhiteElo "2194"]
[BlackElo "2138"]
[PlyCount "69"]
[EventDate "2015.09.27"]
[EventType "team-tourn"]
[EventRounds "9"]
[EventCountry "GER"]
[SourceTitle "EXT 2022"]
[Source "ChessBase"]
[SourceDate "2021.10.06"]
[SourceVersion "1"]
[SourceVersionDate "2021.10.06"]
[SourceQuality "1"]
[WhiteTeam "Ladenburg"]
[BlackTeam "Bad Mergentheim II"]
[WhiteTeamCountry "GER"]
[BlackTeamCountry "GER"]

1. g3 d5 2. Nf3 Nf6 3. Bg2 e6 4. 0-0 Be7 5. d3 0-0 6. Nbd2 Nbd7 7. Re1 c6 8. e4 dxe4 9. Nxe4 Nxe4 10. Rxe4 Nf6 11. Re1 c5 12. Qe2 Qb6 13. a4 Rd8 14. Ne5 Nd5 15. Be4 f5 16. Bg2 Bf6 17. a5 Qc7 18. Bd2 a6 19. c3 g6 20. Nc4 Qf7 21. Rac1 Kg7 22. b4 cxb4 23. cxb4 b5 24. axb6 Qf8 25. Ne5 Rd6 26. Bxd5 Rxd5 27. Rc7+ Kg8 28. Nc4 Rb8 29. Rc1 e5 30. Na5 Be6 31. b7 Qd8 32. Be3 Rxa5 33. bxa5 Qd5 34. Rc8+ Rxc8 35. Rxc8+ 1-0

[Event "Oberliga Baden 1314"]
[Site "Germany"]
[Date "2013.11.10"]
[Round "2.7"]
[White "Schmitt, Philipp"]
[Black "Weiss, Oliver"]
[Result "1-0"]
[WhiteElo "2158"]
[BlackElo "2238"]
[PlyCount "89"]
[EventDate "2013.10.13"]
[EventType "team-tourn"]
[EventRounds "9"]
[EventCountry "GER"]
[SourceTitle "EXT 2015"]
[Source "ChessBase"]
[SourceDate "2014.11.20"]
[SourceVersion "1"]
[SourceVersionDate "2014.11.20"]
[SourceQuality "1"]
[WhiteTeam "Bad Mergentheim"]
[BlackTeam "Hockenheim"]
[WhiteTeamCountry "GER"]
[BlackTeamCountry "GER"]

1. e4 d5 2. exd5 Nf6 3. Nf3 Nxd5 4. d4 g6 5. c4 Nb6 6. Nc3 Bg7 7. c5 Nd5 8. Bc4 Nxc3 9. bxc3 0-0 10. 0-0 b6 11. Ng5 Bb7 12. Re1 e6 13. Qg4 Bd5 14. Bxd5 Qxd5 15. Qh3 h6 16. Nf3 bxc5 17. Bxh6 Qf5 18. Qh4 Bxh6 19. Qxh6 Qf6 20. Ne5 cxd4 21. cxd4 Rd8 22. Rac1 Nd7 23. Nc6 Re8 24. Re3 e5 25. d5 e4 26. Rh3 Qg7 27. Qf4 Nf6 28. Qg5 Nh7 29. Qf4 Nf6 30. Qg5 Nh7 31. Qd2 Qf6 32. Rb1 Nf8 33. Rhb3 Nd7 34. Rb7 Rec8 35. h3 a6 36. R7b4 Re8 37. Qe3 Qh4 38. Rd4 f5 39. Rb7 Rec8 40. g3 Qh7 41. d6 Nc5 42. Ne7+ Kf8 43. Nxc8 Nxb7 44. d7 Nd8 45. Qg5 1-0

[Event "BL2-Sued 1213"]
[Site "Germany"]
[Date "2013.04.14"]
[Round "9.2"]
[White "Hickl, Joerg"]
[Black "Schmitt, Philipp"]
[Result "0-1"]
[WhiteElo "2557"]
[BlackElo "2200"]
[PlyCount "84"]
[EventDate "2012.10.14"]
[EventType "team-tourn"]
[EventRounds "9"]
[EventCountry "GER"]
[SourceTitle "CBM 154 Extra"]
[Source "ChessBase"]
[SourceDate "2013.06.25"]
[SourceVersion "2"]
[SourceVersionDate "2013.06.25"]
[SourceQuality "1"]
[WhiteTeam "Hofheim"]
[BlackTeam "Bad Mergentheim"]
[WhiteTeamCountry "GER"]
[BlackTeamCountry "GER"]

1. g3 d5 2. Nf3 c6 3. Bg2 Bg4 4. c4 Nd7 5. cxd5 cxd5 6. Qb3 Nc5 7. Qb4 Bxf3 8. Bxf3 e6 9. 0-0 Qb6 10. Qc3 Nf6 11. d3 Ncd7 12. Be3 Bc5 13. d4 Bb4 14. Qc2 0-0 15. Rc1 Ne8 16. Qa4 Ndf6 17. Rc2 a6 18. Nd2 Nd6 19. Nb3 Nf5 20. Bf4 Rac8 21. Rxc8 Rxc8 22. e3 Bd6 23. Be5 Rc4 24. Qa5 Qxa5 25. Nxa5 Rb4 26. Rc1 Rxb2 27. g4 Nh4 28. Bxd6 Nxf3+ 29. Kg2 Nh4+ 30. Kh3 g5 31. Bg3 Ne4 32. Bxh4 gxh4 33. f4 b6 34. Nc6 Rxa2 35. Ne5 Re2 36. Rc8+ Kg7 37. Rc7 Rxe3+ 38. Kxh4 Nf2 39. f5 h6 40. Rxf7+ Kg8 41. Kh5 Rxe5 42. Kg6 Re4 0-1

[Event "BL2-Sued 1213"]
[Site "Germany"]
[Date "2013.02.24"]
[Round "7.4"]
[White "Telljohann, Sven"]
[Black "Schmitt, Philipp"]
[Result "1-0"]
[WhiteElo "2423"]
[BlackElo "2200"]
[PlyCount "97"]
[EventDate "2012.10.14"]
[EventType "team-tourn"]
[EventRounds "9"]
[EventCountry "GER"]
[SourceTitle "CBM 154 Extra"]
[Source "ChessBase"]
[SourceDate "2013.06.25"]
[SourceVersion "2"]
[SourceVersionDate "2013.06.25"]
[SourceQuality "1"]
[WhiteTeam "Schoeneck"]
[BlackTeam "Bad Mergentheim"]
[WhiteTeamCountry "GER"]
[BlackTeamCountry "GER"]

1. c4 e6 2. Nf3 d5 3. g3 Nf6 4. Bg2 Be7 5. 0-0 0-0 6. b3 c5 7. Bb2 Nc6 8. cxd5 Nxd5 9. Nc3 Nxc3 10. Bxc3 Qc7 11. Rc1 e5 12. Qc2 Be6 13. d3 f6 14. Qb2 Rac8 15. Nd2 Rfd8 16. a3 Qd7 17. Rfe1 Bf8 18. Ne4 b6 19. f4 Nd4 20. fxe5 fxe5 21. b4 Bg4 22. Nf2 Nxe2+ 23. Rxe2 Bxe2 24. Bh3 Qd5 25. Qxe2 cxb4 26. Bxc8 Rxc8 27. axb4 Bxb4 28. Qg4 Rxc3 29. Rxc3 Bxc3 30. Qc8+ Kf7 31. Qxc3 Qd6 32. Ne4 Qe7 33. h4 g6 34. Ng5+ Kg7 35. Nf3 Kf6 36. Kg2 Qd6 37. Ng5 Kg7 38. Qc4 Qe7 39. Qd5 h6 40. Ne4 Qc7 41. Nd6 Qe7 42. h5 Kf6 43. Qf3+ Kg7 44. Qc6 Qe6 45. Qb7+ Kf8 46. hxg6 Qxg6 47. Qa8+ Ke7 48. Qxa7+ Ke6 49. Ne4 1-0

[Event "BL2-Sued 1213"]
[Site "Germany"]
[Date "2012.11.25"]
[Round "3.4"]
[White "Schmitt, Philipp"]
[Black "Balcerak, Jakob"]
[Result "0-1"]
[WhiteElo "2200"]
[BlackElo "2444"]
[PlyCount "66"]
[EventDate "2012.10.14"]
[EventType "team-tourn"]
[EventRounds "9"]
[EventCountry "GER"]
[SourceTitle "CBM 154 Extra"]
[Source "ChessBase"]
[SourceDate "2013.06.25"]
[SourceVersion "2"]
[SourceVersionDate "2013.06.25"]
[SourceQuality "1"]
[WhiteTeam "Bad Mergentheim"]
[BlackTeam "Schott Mainz"]
[WhiteTeamCountry "GER"]
[BlackTeamCountry "GER"]

1. e4 c5 2. Nf3 d6 3. d4 cxd4 4. Nxd4 Nf6 5. Nc3 a6 6. Bg5 e6 7. f4 Qc7 8. Qf3 b5 9. 0-0-0 b4 10. Nd5 exd5 11. Bxf6 gxf6 12. exd5 Qc5 13. Bd3 Kd8 14. Nb3 Qb6 15. Rhe1 Ra7 16. Rd2 Re7 17. Rde2 Rxe2 18. Qxe2 Bd7 19. g3 h5 20. c3 bxc3 21. bxc3 h4 22. g4 Kc7 23. Qf3 Bh6 24. Re4 Re8 25. Rc4+ Kd8 26. Kc2 Qg1 27. Rb4 Re3 28. Rxb8+ Kc7 29. Qxe3 Qxe3 30. Ra8 Qf2+ 31. Kb1 Bxf4 32. Nd4 Qd2 33. Ra7+ Kb8 0-1

[Event "BL2-Sued 1213"]
[Site "Germany"]
[Date "2012.10.14"]
[Round "1.5"]
[White "Mandel, Andreas"]
[Black "Schmitt, Philipp"]
[Result "1-0"]
[WhiteElo "2398"]
[BlackElo "2200"]
[PlyCount "69"]
[EventDate "2012.10.14"]
[EventType "team-tourn"]
[EventRounds "9"]
[EventCountry "GER"]
[SourceTitle "CBM 154 Extra"]
[Source "ChessBase"]
[SourceDate "2013.06.25"]
[SourceVersion "2"]
[SourceVersionDate "2013.06.25"]
[SourceQuality "1"]
[WhiteTeam "Viernheim"]
[BlackTeam "Bad Mergentheim"]
[WhiteTeamCountry "GER"]
[BlackTeamCountry "GER"]

1. d4 e6 2. Nf3 Nf6 3. c4 d5 4. Nc3 Bb4 5. cxd5 exd5 6. Bg5 0-0 7. e3 Nbd7 8. Bd3 c5 9. 0-0 Bxc3 10. bxc3 c4 11. Bf5 Qa5 12. Qc2 g6 13. Bxd7 Nxd7 14. Nd2 Re8 15. Rae1 Nb6 16. f3 Na4 17. Nb1 Bd7 18. Bf4 Re6 19. e4 Rae8 20. Bg3 h6 21. exd5 Qxd5 22. Nd2 Re2 23. Qc1 Rxe1 24. Rxe1 Rxe1+ 25. Qxe1 Nxc3 26. Be5 Kh7 27. Qe3 Nb5 28. Ne4 Qe6 29. Nf6+ Kg7 30. Nxd7+ f6 31. Nxf6 Qf5 32. Ng4+ Kf8 33. Qxh6+ Ke7 34. Qg7+ Ke6 35. d5+ 1-0

[Event "GER-chT Lands U20"]
[Site "Hannover"]
[Date "2012.10.03"]
[Round "7.1"]
[White "Schmitt, Philipp"]
[Black "Schulenburg, Torben"]
[Result "0-1"]
[WhiteElo "2211"]
[BlackElo "2104"]
[PlyCount "122"]
[EventDate "2012.09.29"]
[EventType "team-swiss"]
[EventRounds "7"]
[EventCountry "GER"]
[SourceTitle "CBM 150 Extra"]
[Source "ChessBase"]
[SourceDate "2012.10.19"]
[SourceVersion "1"]
[SourceVersionDate "2012.10.19"]
[SourceQuality "1"]
[WhiteTeam "Baden"]
[BlackTeam "Hamburg"]
[WhiteTeamCountry "GER"]
[BlackTeamCountry "GER"]

1. e4 e6 2. d4 d5 3. Nc3 Nf6 4. e5 Nfd7 5. f4 c5 6. Nf3 Nc6 7. Be3 Be7 8. Qd2 0-0 9. Be2 a6 10. 0-0 b5 11. Nd1 Qb6 12. c3 a5 13. Nf2 b4 14. g4 Ba6 15. Bxa6 Qxa6 16. f5 bxc3 17. bxc3 Nb6 18. Bg5 Nc4 19. Qd3 Bxg5 20. Nxg5 h6 21. Nf3 cxd4 22. cxd4 Nb4 23. Qe2 f6 24. a3 Nxe5 25. Qd1 Nxf3+ 26. Qxf3 Nc2 27. Rad1 Qc4 28. fxe6 Nxd4 29. Qd3 Nxe6 30. Qxd5 Qxd5 31. Rxd5 Rfd8 32. Rfd1 Rxd5 33. Rxd5 Ra7 34. Ne4 Nf4 35. Rb5 Ng6 36. Nd6 Ne5 37. h3 Kh7 38. a4 Kg6 39. Kg2 Rd7 40. Nb7 Rd2+ 41. Kg3 Rd3+ 42. Kg2 Rd4 43. Rxa5 Kg5 44. Nc5 Kh4 45. Rb5 Rd2+ 46. Kf1 Kxh3 47. a5 Ra2 48. a6 Kxg4 49. Rb4+ Kf5 50. Rb7 g6 51. Rc7 h5 52. a7 h4 53. Nb3 g5 54. Nd4+ Kg4 55. Nc2 h3 56. Kf2 Kf4 57. Kg1 g4 58. Rb7 Kg3 59. Kh1 Rxc2 60. Rb1 Ra2 61. Rg1+ Kh4 0-1

[Event "GER-chT Lands U20"]
[Site "Hannover"]
[Date "2012.10.01"]
[Round "5.1"]
[White "Schmitt, Philipp"]
[Black "Geske, Julian"]
[Result "0-1"]
[WhiteElo "2211"]
[BlackElo "2372"]
[PlyCount "136"]
[EventDate "2012.09.29"]
[EventType "team-swiss"]
[EventRounds "7"]
[EventCountry "GER"]
[SourceTitle "CBM 150 Extra"]
[Source "ChessBase"]
[SourceDate "2012.10.19"]
[SourceVersion "1"]
[SourceVersionDate "2012.10.19"]
[SourceQuality "1"]
[WhiteTeam "Baden"]
[BlackTeam "Hessen"]
[WhiteTeamCountry "GER"]
[BlackTeamCountry "GER"]

1. e4 d5 2. exd5 Qxd5 3. Nc3 Qa5 4. d4 Nf6 5. Bc4 Bg4 6. f3 Bf5 7. Bd2 Qb6 8. Nge2 e6 9. Ng3 Bg6 10. Qe2 Nc6 11. Na4 Qxd4 12. 0-0-0 0-0-0 13. Be3 Qe5 14. Rxd8+ Kxd8 15. f4 Qa5 16. Bb5 a6 17. Bxc6 bxc6 18. Rd1+ Kc8 19. Qc4 Qb5 20. Qd4 Bd6 21. Nc3 Qb4 22. Qa7 Qb7 23. Qd4 Rd8 24. Qc4 Nd5 25. Bd2 Nxc3 26. Qxc3 Bf8 27. Re1 Qb5 28. Ne4 Qd5 29. Ng5 Qxa2 30. Qa5 Qxa5 31. Bxa5 Rd4 32. Bd2 Bd6 33. g3 h6 34. Nf3 Re4 35. Ne5 Rxe1+ 36. Bxe1 Bh5 37. Nxc6 f6 38. Kd2 Bf3 39. Nd4 Bd5 40. Kd3 Kd7 41. c4 Bg2 42. f5 Bf1+ 43. Kc3 exf5 44. Nxf5 Bf8 45. Bd2 Bh3 46. Nd4 Bd6 47. b3 c5 48. Nf3 Bg4 49. Ne1 Be5+ 50. Kc2 Bf5+ 51. Nd3 Bd4 52. Bf4 g5 53. Bb8 Be4 54. Kd2 h5 55. Ke2 Kc6 56. h3 Bf5 57. h4 gxh4 58. gxh4 Bxd3+ 59. Kxd3 Be5 60. Ba7 f5 61. b4 cxb4 62. Bf2 b3 63. Be3 a5 64. Bd2 a4 65. Bb4 b2 66. Kc2 f4 67. Kb1 f3 68. Be1 Bd4 0-1

[Event "GER-ch Net qual4 U25"]
[Site "Playchess.com INT"]
[Date "2012.09.12"]
[Round "1"]
[White "Meier, Georg"]
[Black "Schmitt, Philipp"]
[Result "1-0"]
[WhiteElo "2671"]
[BlackElo "2124"]
[PlyCount "43"]
[EventDate "2012.09.12"]
[EventType "swiss (blitz)"]
[EventRounds "7"]
[EventCountry "GER"]
[SourceTitle "CBM 150 Extra"]
[Source "ChessBase"]
[SourceDate "2012.10.19"]
[SourceVersion "1"]
[SourceVersionDate "2012.10.19"]
[SourceQuality "1"]

1. d4 e6 2. Nf3 Nf6 3. Bg5 d5 4. e3 Be7 5. Nbd2 0-0 6. Bd3 c5 7. c3 Nc6 8. 0-0 b6 9. Qe2 Bb7 10. Rad1 Qc7 11. a3 e5 12. e4 dxe4 13. Nxe4 Nxe4 14. Qxe4 f5 15. Qd5+ Kh8 16. Bxe7 Qxe7 17. Nxe5 Nxd4 18. Qd7 Qxe5 19. Qxb7 Rfb8 20. cxd4 Qf6 21. Qd5 cxd4 22. Qxf5 1-0

[Event "GER-ch Net qual4 U25"]
[Site "Playchess.com INT"]
[Date "2012.09.12"]
[Round "3"]
[White "Schmitt, Philipp"]
[Black "Golder, Waldemar"]
[Result "1-0"]
[WhiteElo "2124"]
[BlackElo "1897"]
[PlyCount "65"]
[EventDate "2012.09.12"]
[EventType "swiss (blitz)"]
[EventRounds "7"]
[EventCountry "GER"]
[SourceTitle "CBM 150 Extra"]
[Source "ChessBase"]
[SourceDate "2012.10.19"]
[SourceVersion "1"]
[SourceVersionDate "2012.10.19"]
[SourceQuality "1"]

1. e4 c5 2. Nf3 e6 3. d4 cxd4 4. Nxd4 a6 5. Bd3 Nf6 6. Nc3 Qc7 7. 0-0 Nc6 8. Nxc6 dxc6 9. Qe2 e5 10. a4 Be7 11. a5 0-0 12. Be3 Be6 13. Bb6 Qc8 14. Rfd1 Nd7 15. Be3 Rd8 16. Na4 Rb8 17. Nb6 Qc7 18. Bc4 Nc5 19. Bxe6 Nxe6 20. Nc4 Nd4 21. Bxd4 exd4 22. e5 Rd5 23. Rd3 Rbd8 24. Qe4 Bb4 25. Rad1 Bxa5 26. Rxd4 Bb6 27. Rxd5 cxd5 28. Rxd5 Qc5 29. Rxd8+ Bxd8 30. Nd6 Bb6 31. Qf5 f6 32. Qe6+ Kh8 33. Qe8# 1-0

[Event "Oberliga Baden 1112"]
[Site "Germany"]
[Date "2011.10.23"]
[Round "2.6"]
[White "Engel, Berthold"]
[Black "Schmitt, Philipp"]
[Result "0-1"]
[WhiteElo "2210"]
[BlackElo "2122"]
[PlyCount "114"]
[EventDate "2011.10.02"]
[EventType "team-tourn"]
[EventRounds "9"]
[EventCountry "GER"]
[SourceTitle "EXT 2013"]
[Source "ChessBase"]
[SourceDate "2012.11.22"]
[SourceVersion "1"]
[SourceVersionDate "2012.11.22"]
[SourceQuality "1"]
[WhiteTeam "Kirchheim"]
[BlackTeam "Bad Mergentheim"]
[WhiteTeamCountry "GER"]
[BlackTeamCountry "GER"]

1. e4 e6 2. d3 d5 3. Nd2 Nf6 4. Ngf3 b6 5. c3 Be7 6. Qc2 c5 7. Be2 Qc7 8. 0-0 Nc6 9. Re1 0-0 10. Nf1 e5 11. Ne3 d4 12. Nd5 Qd6 13. c4 a6 14. Bd2 Rb8 15. b3 Ne8 16. Rf1 Nc7 17. Ne1 Ne6 18. Bg4 Nf4 19. Bxc8 Rfxc8 20. Bxf4 exf4 21. Qe2 Bf6 22. Qg4 Be5 23. Nxb6 Re8 24. Nd5 Re6 25. Nf3 Rg6 26. Qf5 f6 27. Kh1 Nd8 28. Nxe5 fxe5 29. g3 Ne6 30. gxf4 exf4 31. Rg1 Rf8 32. e5 Qxd5+ 33. cxd5 Rxg1+ 34. Kxg1 Rxf5 35. dxe6 Rxe5 36. Rc1 f3 37. h4 g5 38. hxg5 Rxg5+ 39. Kh2 Kf8 40. b4 cxb4 41. Rc4 Rg2+ 42. Kh3 Rxf2 43. Rxb4 Rxa2 44. Rxd4 Ke7 45. Rd7+ Kxe6 46. Rxh7 Ke5 47. Rf7 f2 48. Kg2 Kd4 49. Rd7+ Ke3 50. d4 a5 51. d5 Kd4 52. d6 Kd5 53. Rd8 Ke6 54. Kf1 a4 55. Kg2 a3 56. Kf1 Rb2 57. Ra8 a2 0-1